|
|
|
|
| LEADER |
00000nam a2200000 a 4500 |
| 001 |
TG-62 |
| 005 |
20230322065146.0 |
| 008 |
976042|1969 ||||||||r|||||||||||spa|| |
| 040 |
|
|
|b spa
|
| 041 |
1 |
|
|a spa
|
| 100 |
|
|
|a Vázquez Andrade, Galo O.
|9 138810
|
| 245 |
|
|
|a Programa analítico metodología de ciencias sociales quinto curso de los colegios normales
|c Galo Vázquez Andrade. Director Gregorio Rafael Galiana
|h dact
|
| 264 |
|
|
|a Cuenca
|c 1969
|
| 300 |
|
|
|a 40 páginas:
|c 27,5 cm
|
| 502 |
|
|
|a Profesor de segunda enseñanza
|b Universidad de Cuenca
|c filo
|d Galiana, Gregorio Rafael, dir.
|
| 504 |
|
|
|a incl. ref.
|
| 650 |
|
0 |
|a Educación media
|9 181
|
| 650 |
|
0 |
|a Enseñanza
|9 188
|
| 650 |
|
|
|a Programa analitico
|9 565
|
| 852 |
|
|
|a UC-CDJBV
|c ESTANTERIA CERRADA
|f Donación
|k margarita.gutierrez
|l 1
|m Limitada
|p 19760427
|q 20,00
|t TG-62
|y 58444
|b 1
|d CDRC
|e CDRC
|g ESTANTERIA CERRADA
|z 1976-60-42
|
| 942 |
|
|
|c TS
|
| 999 |
|
|
|c 75385
|d 75385
|